Quizz livres de la Bible - Statistiques

Statistiques générales
  • Ce quiz a été pris 545 fois
  • Le résultat moyen est 30 sur 45
Statistiques - réponses
Question Tuile Select % Correct
...sont dans le nouveau testament ? Esther Non
95%
...sont dans le nouveau testament ? Jean Oui
93%
...sont dans le nouveau testament ? 1 Corinthiens Oui
89%
...sont dans le nouveau testament ? Josué Non
89%
...sont dans le nouveau testament ? Jonas Non
88%
...sont dans l'ancien testament ? Matthieu Non
85%
...sont dans l'ancien testament ? Apocalypse Non
83%
...sont des épitres (lettres) ? Esther Non
79%
...sont des épitres (lettres) ? Ruth Non
78%
...sont dans l'ancien testament ? Proverbes Oui
74%
...font partie du Pentateuque ? Joseph Non
73%
...sont dans le nouveau testament ? 1 Chroniques Non
72%
...sont dans l'ancien testament ? Daniel Oui
72%
...font partie des prophètes ? Juges Non
72%
...sont des épitres (lettres) ? Mark Non
71%
...sont dans l'ancien testament ? Colossiens Non
70%
...font partie du Pentateuque ? Josué Non
70%
...sont dans l'ancien testament ? Juges Oui
70%
...font partie du Pentateuque ? Juges Non
70%
...sont dans l'ancien testament ? Michée Oui
70%
...font partie du Pentateuque ? Esaïe Non
68%
...sont dans l'ancien testament ? Galates Non
68%
...font partie des prophètes ? Jérémie Oui
68%
...sont dans le nouveau testament ? Hébreux Oui
67%
...font partie des prophètes ? Ruth Non
66%
...font partie du Pentateuque ? Deutéronome Oui
65%
...font partie des prophètes ? Ecclésiaste Non
64%
...font partie du Pentateuque ? Genèse Oui
64%
...font partie du Pentateuque ? Introduction Non
64%
...sont dans l'ancien testament ? Joël Oui
64%
...font partie du Pentateuque ? Lévitiques Oui
64%
...sont des épitres (lettres) ? 1 Pierre Oui
62%
...sont des épitres (lettres) ? Philippiens Oui
62%
...sont des épitres (lettres) ? 2 Jean Oui
61%
...font partie du Pentateuque ? Nombres Oui
60%
...sont dans le nouveau testament ? Tite Oui
58%
...sont des épitres (lettres) ? Jean Non
55%
...font partie des prophètes ? Osée Oui
54%
...sont dans le nouveau testament ? Jude Oui
53%
...font partie des prophètes ? Amos Oui
49%
...font partie des prophètes ? Nahum Oui
45%
...font partie des prophètes ? Esdras Non
41%
...sont des épitres (lettres) ? Philémon Oui
36%
...sont des épitres (lettres) ? Jude Oui
28%
...font partie des prophètes ? Lamentations Oui
17%
Aucun quiz correspondant
Distribution des résultats
% des personnes avec chaque résultat
Percentile par nombre de réponses
Votre historique - résultats
Vous n’avez pas pris ce quiz